000 00800cam a22002291 4500
001 ne 64001584
003 DLC
005 20260227111801.0
008 840113s1964 ua 000 0 arar
010 _ane 64001584
035 _a(OCoLC)10298059
040 _aDLC
_cTxU
_dTxU
_dDLC
042 _apremarc
050 0 0 _aLB1027
_b.K28
100 1 _aKāẓim, Aḥmad Khayrī Muḥammad.
245 1 3 _aal-Wasāʼil al-taʻlīmīyah wa-al-manhaj,
_ctaʼlīf Aḥmad Khayrī Muḥammad Kāẓim [wa] Jābir ʻAbd al-Ḥamīd Jābir.
260 _a[al-Qāhirah]
_bDār al-Nahḍah al-ʻArabīyah,
_c1964.
300 _a6, 366 p.
_billus., diagrs.
_c24 cm.
504 _aBibliography: p. [357]-360.
650 0 _aTeaching
_xAids and devices.
700 1 _aJābir, Jābir ʻAbd al-Ḥamīd,
_ejoint author.
999 _c47164
_d47164